[Event "ISR-chT"]
[Site "Israel"]
[Date "2023.02.11"]
[Round "8.3"]
[White "Linker, Mikhail"]
[Black "Rozentalis, Eduardas"]
[Result "0-1"]
[WhiteElo "2297"]
[BlackElo "2507"]
[PlyCount "80"]
[EventDate "2023.01.11"]
[EventType "team-tourn"]
[EventRounds "11"]
[EventCountry "ISR"]
[SourceTitle "EXT 2024"]
[Source "ChessBase"]
[SourceDate "2023.10.10"]
[SourceVersion "1"]
[SourceVersionDate "2023.10.10"]
[SourceQuality "1"]
[WhiteTeam "Haifa Nesher"]
[BlackTeam "Kfar Saba"]
[WhiteTeamCountry "ISR"]
[BlackTeamCountry "ISR"]

1. Nf3 d5 2. d4 Nf6 3. Bf4 Bg4 4. e3 Nh5 5. Bg3 Nxg3 6. hxg3 e6 7. c3 Nd7 8. Be2 c5 9. Nbd2 Be7 10. Ne5 Bxe2 11. Qxe2 Nxe5 12. dxe5 Qd7 13. f4 0-0-0 14. 0-0-0 Kb8 15. Nf3 Qc6 16. Qc2 h5 17. Kb1 g6 18. Rd2 Rc8 19. c4 dxc4 20. Qxc4 Rhd8 21. Rhd1 Rxd2 22. Rxd2 b5 23. Qc2 c4 24. Nd4 Qb7 25. Qd1 Bb4 26. Rc2 a6 27. Qf3 Qxf3 28. Nxf3 Be7 29. Rd2 Rd8 30. Kc2 Rxd2+ 31. Kxd2 Kc7 32. Nd4 Kb6 33. a3 Kc5 34. Nf3 Kd5 35. Ke2 g5 36. Nd4 g4 37. Kd2 b4 38. a4 Bc5 39. Nc2 b3 40. Na1 Bb4+ 0-1

[Event "ISR-chT"]
[Site "Israel"]
[Date "2023.02.10"]
[Round "7.4"]
[White "Gorodetzky, Matan"]
[Black "Linker, Mikhail"]
[Result "0-1"]
[WhiteElo "2333"]
[BlackElo "2297"]
[PlyCount "78"]
[EventDate "2023.01.11"]
[EventType "team-tourn"]
[EventRounds "11"]
[EventCountry "ISR"]
[SourceTitle "EXT 2024"]
[Source "ChessBase"]
[SourceDate "2023.10.10"]
[SourceVersion "1"]
[SourceVersionDate "2023.10.10"]
[SourceQuality "1"]
[WhiteTeam "Rehovot"]
[BlackTeam "Haifa Nesher"]
[WhiteTeamCountry "ISR"]
[BlackTeamCountry "ISR"]

1. e4 d6 2. d4 g6 3. Nc3 Bg7 4. Nf3 a6 5. a4 e6 6. h4 h6 7. Bf4 b6 8. Qd2 Bb7 9. Bd3 Nd7 10. Rd1 Ne7 11. Qc1 Nc6 12. d5 Nce5 13. Nxe5 Nxe5 14. Qe3 Nxd3+ 15. Qxd3 Qe7 16. Be3 0-0 17. h5 g5 18. 0-0 Rae8 19. Bd4 e5 20. Be3 Bc8 21. f3 g4 22. fxg4 Bxg4 23. Rde1 a5 24. Bd2 Qh4 25. Nb5 Re7 26. b4 axb4 27. Bxb4 Bxh5 28. Qc4 Bg6 29. Nxc7 Rc8 30. Bxd6 Rd7 31. Qb4 Rcxc7 32. Bxc7 Rxc7 33. Qxb6 Rxc2 34. Qb3 Bxe4 35. Qh3 Bxd5 36. Qxh4 Rxg2+ 37. Kh1 Rg4+ 38. Kh2 Rxh4+ 39. Kg3 Rxa4 0-1

[Event "RUS-chT rapid"]
[Site "Sochi"]
[Date "2019.10.18"]
[Round "3.3"]
[White "Tsoi, Dmitry"]
[Black "Linker, Mikhail"]
[Result "1-0"]
[WhiteElo "2329"]
[BlackElo "2269"]
[PlyCount "81"]
[EventDate "2019.10.18"]
[EventType "team-swiss (rapid)"]
[EventRounds "9"]
[EventCountry "RUS"]
[SourceTitle "CBM 192 Extra"]
[Source "Chessbase"]
[SourceDate "2019.11.06"]
[SourceVersion "1"]
[SourceVersionDate "2019.11.06"]
[SourceQuality "1"]
[WhiteTeam "Moscow Region"]
[BlackTeam "Cimmeria (Crimea)"]
[WhiteTeamCountry "RUS"]
[BlackTeamCountry "RUS"]

1. f4 d5 2. Nf3 Nf6 3. e3 g6 4. d4 Bg7 5. Bd3 b6 6. c3 0-0 7. Qe2 Bb7 8. 0-0 Qc8 9. b4 c5 10. Nbd2 a5 11. bxc5 bxc5 12. Ba3 Nbd7 13. Ne5 Ba6 14. Bxa6 Rxa6 15. Nb3 c4 16. Nd2 Re8 17. e4 e6 18. g4 Qc7 19. Rab1 Nb6 20. Rf3 Nxe4 21. Nxe4 dxe4 22. Qxe4 f5 23. Qc6 Qxc6 24. Nxc6 Nd5 25. Nb8 Ra7 26. Bc5 Ra8 27. Nd7 Rac8 28. Rb7 Rc7 29. Rxc7 Nxc7 30. Nb6 Nd5 31. Nxc4 Rb8 32. Nxa5 Rb1+ 33. Kg2 Rb2+ 34. Rf2 Nxf4+ 35. Kf3 Rxf2+ 36. Kxf2 Nd3+ 37. Ke3 Nxc5 38. dxc5 Bf8 39. Nb7 Kf7 40. a4 e5 41. a5 1-0

[Event "RUS-ch rapid"]
[Site "Sochi"]
[Date "2019.10.15"]
[Round "2"]
[White "Timofeev, Artyom"]
[Black "Linker, Mikhail"]
[Result "1-0"]
[WhiteElo "2648"]
[BlackElo "2269"]
[PlyCount "145"]
[EventDate "2019.10.15"]
[EventType "swiss"]
[EventRounds "11"]
[EventCountry "RUS"]
[SourceTitle "CBM 192 Extra"]
[Source "Chessbase"]
[SourceDate "2019.11.06"]
[SourceVersion "1"]
[SourceVersionDate "2019.11.06"]
[SourceQuality "1"]

1. c4 Nf6 2. e3 c5 3. d4 g6 4. Nc3 cxd4 5. exd4 Bg7 6. d5 d6 7. Nf3 0-0 8. Be2 Nbd7 9. 0-0 Nc5 10. Be3 Bd7 11. h3 a6 12. Bd4 Qa5 13. Rb1 Na4 14. Nxa4 Bxa4 15. Qd3 Bd7 16. Qe3 Bf5 17. Rbe1 e5 18. dxe6 Bxe6 19. Bc3 Qc5 20. Ng5 Qxe3 21. fxe3 h6 22. Nxe6 fxe6 23. Bf3 Rf7 24. Rd1 Ne8 25. Bg4 Rxf1+ 26. Kxf1 Bxc3 27. Bxe6+ Kf8 28. bxc3 b6 29. Rd4 Ra7 30. Rf4+ Kg7 31. Ke2 Re7 32. Bc8 a5 33. Rd4 Rc7 34. Ba6 Nf6 35. Bb5 Ra7 36. a4 Rb7 37. Kd3 Kf7 38. Rxd6 Ke7 39. Rd4 Rc7 40. h4 Rc5 41. g3 g5 42. Ke2 gxh4 43. gxh4 Rc7 44. Rf4 Rc5 45. Kf3 Ke6 46. Ba6 Rc7 47. Rd4 Nd7 48. Rd5 Ne5+ 49. Ke4 Nd7 50. Kd4 Nc5 51. Bb5 Nb3+ 52. Kd3 Nc5+ 53. Ke2 Rc8 54. Rh5 Rh8 55. Bc6 Kf6 56. e4 Kg6 57. Rf5 Rd8 58. h5+ Kg7 59. e5 Rf8 60. Rxf8 Kxf8 61. Ke3 Ke7 62. Kf4 Ke6 63. Bd5+ Ke7 64. Kf5 Nxa4 65. c5 bxc5 66. Kg6 Nxc3 67. Bc4 a4 68. Kxh6 a3 69. Kg7 Ne2 70. h6 Nd4 71. h7 Nf5+ 72. Kg6 Ne3 73. Bb5 1-0

[Event "RUS-chT blitz"]
[Site "Sochi"]
[Date "2018.10.10"]
[Round "7.6"]
[White "Linker, Mikhail"]
[Black "Afanasiev, Nikita"]
[Result "0-1"]
[WhiteElo "2269"]
[BlackElo "2487"]
[PlyCount "92"]
[EventDate "2018.10.10"]
[EventType "team-swiss (blitz)"]
[EventRounds "15"]
[EventCountry "RUS"]
[SourceTitle "CBM 186 Extra"]
[Source "ChessBase"]
[SourceDate "2018.08.24"]
[SourceVersion "1"]
[SourceVersionDate "2018.08.24"]
[SourceQuality "1"]
[WhiteTeam "Krym Kimmeriya"]
[BlackTeam "Karpov Chess School"]
[WhiteTeamCountry "RUS"]
[BlackTeamCountry "RUS"]

1. d4 Nf6 2. c4 e6 3. g3 c5 4. d5 exd5 5. cxd5 Bd6 6. Nc3 0-0 7. Bg2 a6 8. a4 Re8 9. Nf3 Bc7 10. 0-0 d6 11. Bf4 Nbd7 12. Re1 Ng4 13. e4 Nde5 14. Nxe5 Nxe5 15. h3 Qf6 16. Bxe5 Qxe5 17. f4 Qe7 18. Kh2 Rb8 19. e5 dxe5 20. Ne4 Bd6 21. Qh5 g6 22. Qg5 Qxg5 23. fxg5 Rd8 24. Nxd6 Rxd6 25. Rxe5 Bd7 26. a5 Kf8 27. Rc1 b6 28. axb6 Rbxb6 29. Re2 Rb5 30. Rec2 Rdb6 31. Rxc5 Rxc5 32. Rxc5 Rxb2 33. Rc7 Ke7 34. Ra7 Ra2 35. Kg1 Kd6 36. Bf1 a5 37. h4 a4 38. Bc4 Rc2 39. Ra6+ Kc5 40. Bd3 Rd2 41. Be4 Kb4 42. Ra7 Bb5 43. Rxf7 a3 44. Ra7 a2 45. d6 Ba4 46. Rb7+ Ka3 0-1

[Event "RUS-chT blitz"]
[Site "Sochi"]
[Date "2018.10.10"]
[Round "13.9"]
[White "Linker, Mikhail"]
[Black "Babayan, Arman S"]
[Result "1-0"]
[WhiteElo "2269"]
[BlackElo "1673"]
[PlyCount "55"]
[EventDate "2018.10.10"]
[EventType "team-swiss (blitz)"]
[EventRounds "15"]
[EventCountry "RUS"]
[SourceTitle "CBM 186 Extra"]
[Source "ChessBase"]
[SourceDate "2018.08.24"]
[SourceVersion "1"]
[SourceVersionDate "2018.08.24"]
[SourceQuality "1"]
[WhiteTeam "Krym Kimmeriya"]
[BlackTeam "Stavropol Region II"]
[WhiteTeamCountry "RUS"]
[BlackTeamCountry "RUS"]

1. d4 d5 2. c4 e6 3. Nf3 Nf6 4. e3 Be7 5. b3 0-0 6. Bd3 b6 7. 0-0 Bb7 8. Bb2 Nbd7 9. Nc3 c5 10. Qe2 Rc8 11. Rfd1 Bd6 12. Rac1 Qe7 13. Bb1 Rfd8 14. h3 h6 15. a3 Bb8 16. cxd5 exd5 17. dxc5 bxc5 18. Na4 Nb6 19. Qb5 Nxa4 20. Qxa4 Bc6 21. Qh4 d4 22. exd4 Bxf3 23. gxf3 cxd4 24. Rxc8 Rxc8 25. Qxd4 Qc7 26. Kf1 Qh2 27. Qd8+ Ne8 28. Qxc8 1-0

[Event "RUS-chT blitz"]
[Site "Sochi"]
[Date "2018.10.10"]
[Round "9.8"]
[White "Linker, Mikhail"]
[Black "Vastrukhin, Oleg"]
[Result "1-0"]
[WhiteElo "2269"]
[BlackElo "2413"]
[PlyCount "125"]
[EventDate "2018.10.10"]
[EventType "team-swiss (blitz)"]
[EventRounds "15"]
[EventCountry "RUS"]
[SourceTitle "CBM 186 Extra"]
[Source "ChessBase"]
[SourceDate "2018.08.24"]
[SourceVersion "1"]
[SourceVersionDate "2018.08.24"]
[SourceQuality "1"]
[WhiteTeam "Krym Kimmeriya"]
[BlackTeam "Sochi Archibald Chess"]
[WhiteTeamCountry "RUS"]
[BlackTeamCountry "RUS"]

1. d4 g6 2. c4 Bg7 3. Nf3 d6 4. Nc3 e5 5. e4 Nc6 6. Be3 Nh6 7. h3 f5 8. dxe5 dxe5 9. Qxd8+ Kxd8 10. 0-0-0+ Bd7 11. c5 f4 12. Bd2 Bf8 13. Bb5 Nf7 14. Na4 Ke8 15. Bc3 Be6 16. Bxc6+ bxc6 17. b3 Bg7 18. Ba5 Rc8 19. Rd3 Ke7 20. Rhd1 Rhd8 21. Nb2 g5 22. Rxd8 Nxd8 23. Bc3 Nf7 24. Nd3 g4 25. Nfxe5 Nxe5 26. Bxe5 Bxe5 27. Nxe5 gxh3 28. gxh3 Bxh3 29. Nxc6+ Ke6 30. Rh1 Bg2 31. Rh6+ Kf7 32. Rxh7+ Kg6 33. Re7 Kf6 34. e5+ Kf5 35. Nd4+ Kg6 36. e6 a6 37. Rf7 Kg5 38. e7 Re8 39. Ne6+ Kg6 40. Rxf4 Rxe7 41. Rg4+ Kf5 42. Rxg2 Rxe6 43. Rg7 c6 44. Ra7 Ke4 45. Rxa6 Kd4 46. Ra4+ Kxc5 47. Rc4+ Kb5 48. f4 Re2 49. Rc2 Re1+ 50. Kd2 Rf1 51. Ke3 c5 52. Rf2 Re1+ 53. Kd3 Rd1+ 54. Kc3 Rd6 55. f5 Rf6 56. Rf4 Kc6 57. Kc4 Kd6 58. Rf1 Kc6 59. a4 Kb6 60. a5+ Kc6 61. a6 Kb6 62. a7 Rf8 63. f6 1-0

[Event "RUS-chT blitz"]
[Site "Sochi"]
[Date "2018.10.10"]
[Round "2.9"]
[White "Tsvetkov, Andrey1111"]
[Black "Linker, Mikhail"]
[Result "1-0"]
[WhiteElo "2264"]
[BlackElo "2269"]
[PlyCount "81"]
[EventDate "2018.10.10"]
[EventType "team-swiss (blitz)"]
[EventRounds "15"]
[EventCountry "RUS"]
[SourceTitle "CBM 186 Extra"]
[Source "ChessBase"]
[SourceDate "2018.08.24"]
[SourceVersion "1"]
[SourceVersionDate "2018.08.24"]
[SourceQuality "1"]
[WhiteTeam "Karpov Chess School II"]
[BlackTeam "Krym Kimmeriya"]
[WhiteTeamCountry "RUS"]
[BlackTeamCountry "RUS"]

1. d4 Nf6 2. c4 g6 3. Nc3 d5 4. cxd5 Nxd5 5. Na4 Bg7 6. e4 Nb6 7. Be3 0-0 8. Nf3 Nc6 9. Nc5 Nd7 10. Nb3 a5 11. Be2 a4 12. Nbd2 Nb6 13. d5 Ne5 14. Nxe5 Bxe5 15. Bxb6 cxb6 16. Nc4 Bg7 17. Qd2 b5 18. Na3 f5 19. 0-0 fxe4 20. Bxb5 Qd6 21. Rae1 e6 22. Rxe4 exd5 23. Bc4 Rd8 24. Rd1 Bf5 25. Ree1 dxc4 26. Qxd6 Rxd6 27. Rxd6 Bf8 28. Nxc4 Bxd6 29. Nxd6 Rd8 30. Re8+ Rxe8 31. Nxe8 Kf8 32. Nd6 Be6 33. Nxb7 Bxa2 34. Nc5 Ke7 35. Nxa4 Kd6 36. Nc3 Bc4 37. f3 Kc5 38. Kf2 Kb4 39. Ne4 h6 40. Ke3 Kb3 41. Nd2+ 1-0

[Event "RUS-chT rapid"]
[Site "Sochi"]
[Date "2018.10.08"]
[Round "4.2"]
[White "Babayan, Arman S"]
[Black "Linker, Mikhail"]
[Result "0-1"]
[WhiteElo "1673"]
[BlackElo "2269"]
[PlyCount "224"]
[EventDate "2018.10.08"]
[EventType "team-swiss (rapid)"]
[EventRounds "9"]
[EventCountry "RUS"]
[SourceTitle "CBM 186 Extra"]
[Source "ChessBase"]
[SourceDate "2018.08.24"]
[SourceVersion "1"]
[SourceVersionDate "2018.08.24"]
[SourceQuality "1"]
[WhiteTeam "Stavropol Region II"]
[BlackTeam "Krym Kimmeriya"]
[WhiteTeamCountry "RUS"]
[BlackTeamCountry "RUS"]

1. c4 Nf6 2. Nc3 c5 3. Nf3 e6 4. e3 Be7 5. Be2 0-0 6. 0-0 b6 7. b3 Bb7 8. Bb2 d5 9. d4 cxd4 10. exd4 Nbd7 11. Rc1 Rc8 12. cxd5 Nxd5 13. Qd2 N7f6 14. Nxd5 Qxd5 15. Rxc8 Rxc8 16. Rc1 Rd8 17. Rc7 Rd7 18. Qc2 Bd6 19. Rxd7 Nxd7 20. Bf1 h6 21. Ne5 Nxe5 22. dxe5 Bxe5 23. Bxe5 Qxe5 24. Qd3 Qd5 25. Qg3 e5 26. h3 b5 27. Qe3 a6 28. a4 Kh7 29. axb5 axb5 30. Qd3+ e4 31. Qxb5 Qxb5 32. Bxb5 Kg6 33. g3 Kf5 34. Kf1 Ke5 35. Ke2 Kd4 36. Bc4 f6 37. Kd2 Bc8 38. h4 g5 39. Bf7 Ba6 40. Bg8 Bf1 41. Be6 Bb5 42. Bg8 Bd7 43. Bf7 f5 44. hxg5 hxg5 45. Bg8 Bb5 46. Bh7 f4 47. gxf4 gxf4 48. Bg8 Bd3 49. Bf7 Bb1 50. Bg8 Bd3 51. Bf7 Ba6 52. Bg8 Ke5 53. Bf7 Kf6 54. Bg8 Kg5 55. Bh7 Bb7 56. Bg8 Kg4 57. Bf7 Kf3 58. Ke1 Kg2 59. Ke2 Kg1 60. Be6 Ba6+ 61. Ke1 e3 62. f3 Bb7 63. Bg4 Kg2 64. Ke2 Ba6+ 65. Ke1 Bb5 66. Bh5 Kg3 67. Bg4 Kh4 68. Kd1 Kg5 69. Ke1 Kf6 70. Kd1 Ke5 71. Ke1 Kd4 72. Bh5 Kc3 73. Bf7 Bd3 74. Be6 Bc2 75. Bg4 Bxb3 76. Bh5 Bc4 77. Bg4 Kd4 78. Bh5 Be6 79. Ke2 Bf5 80. Ke1 Kd3 81. Kd1 e2+ 82. Ke1 Ke3 83. Bg6 Bd3 84. Bf5 Bb5 85. Be4 Bd7 86. Bf5 Bb5 87. Be4 Bd3 88. Bf5 Kd4 89. Be6 Ke5 90. Bg4 Kd4 91. Kd2 Ba6 92. Bf5 Ke5 93. Be4 Kf6 94. Ke1 Kg5 95. Bd5 Kh4 96. Kf2 Kh3 97. Be6+ Kh2 98. Bd5 Bd3 99. Be6 Bb5 100. Bf5 Bc4 101. Bg4 e1Q+ 102. Kxe1 Kg3 103. Bh5 Be6 104. Kf1 Bh3+ 105. Kg1 Bg2 106. Bf7 Bxf3 107. Bc4 Bg4 108. Bb5 f3 109. Bc4 Bh3 110. Bf1 f2+ 111. Kh1 Bc8 112. Bg2 Bb7 0-1

[Event "RUS-ch blitz"]
[Site "Sochi"]
[Date "2018.10.07"]
[Round "17.19"]
[White "Linker, Mikhail"]
[Black "Drygalov, Sergey"]
[Result "1/2-1/2"]
[WhiteElo "2269"]
[BlackElo "2446"]
[PlyCount "110"]
[EventDate "2018.10.07"]
[EventType "swiss (blitz)"]
[EventRounds "20"]
[EventCountry "RUS"]
[SourceTitle "CBM 186 Extra"]
[Source "ChessBase"]
[SourceDate "2018.08.24"]
[SourceVersion "1"]
[SourceVersionDate "2018.08.24"]
[SourceQuality "1"]

1. d4 Nf6 2. c4 e6 3. g3 c5 4. d5 exd5 5. cxd5 b5 6. d6 Bb7 7. Nf3 Ne4 8. Nc3 Nxc3 9. bxc3 Qf6 10. Qd3 Bxd6 11. Bg5 Qe6 12. Bh3 Qxh3 13. Qxd6 f6 14. Be3 Na6 15. Bxc5 Qe6 16. Qxe6+ dxe6 17. Be3 Nc7 18. a4 a6 19. 0-0 Bxf3 20. exf3 Kd7 21. c4 bxc4 22. Rac1 Nd5 23. Rxc4 Rac8 24. Rfc1 Rxc4 25. Rxc4 Rb8 26. a5 Rb5 27. Bd2 Rb2 28. Be3 Ra2 29. Bb6 Rb2 30. Be3 Rb3 31. Bd2 Rxf3 32. Rh4 h6 33. Rg4 g5 34. h4 Rd3 35. Be1 h5 36. Rc4 g4 37. Kf1 Ra3 38. Ke2 Ra2+ 39. Kf1 f5 40. Rc1 f4 41. gxf4 Nxf4 42. Rb1 Nd5 43. Rb7+ Kc6 44. Rh7 g3 45. fxg3 Ne3+ 46. Kg1 Ra1 47. Kf2 Ng4+ 48. Ke2 Ra2+ 49. Bd2 Ne5 50. Kd1 Nc4 51. Bg5 Rxa5 52. Rxh5 Ra3 53. Bf4 e5 54. Bxe5 Nxe5 55. Rxe5 Rxg3 1/2-1/2

[Event "RUS-ch blitz"]
[Site "Sochi"]
[Date "2018.10.07"]
[Round "1.13"]
[White "Linker, Mikhail"]
[Black "Sychev, Klementy"]
[Result "0-1"]
[WhiteElo "2269"]
[BlackElo "2534"]
[PlyCount "48"]
[EventDate "2018.10.07"]
[EventType "swiss (blitz)"]
[EventRounds "20"]
[EventCountry "RUS"]
[SourceTitle "CBM 186 Extra"]
[Source "ChessBase"]
[SourceDate "2018.08.24"]
[SourceVersion "1"]
[SourceVersionDate "2018.08.24"]
[SourceQuality "1"]

1. d4 Nf6 2. c4 g6 3. Nf3 Bg7 4. Nc3 d5 5. cxd5 Nxd5 6. e4 Nxc3 7. bxc3 c5 8. Rb1 0-0 9. Be2 Nc6 10. d5 Bxc3+ 11. Bd2 Bxd2+ 12. Qxd2 Na5 13. h4 Bg4 14. h5 Bxf3 15. hxg6 Bxe4 16. gxh7+ Kh8 17. Rb5 b6 18. Rh5 Qd6 19. f3 Bg6 20. Rh6 Rad8 21. Qc3+ Qf6 22. Qd2 Qa1+ 23. Bd1 Qe5+ 24. Kf1 Rxd5 0-1

[Event "RUS-ch blitz"]
[Site "Sochi"]
[Date "2018.10.07"]
[Round "20.17"]
[White "Linker, Mikhail"]
[Black "Tomashevsky, Evgeny"]
[Result "0-1"]
[WhiteElo "2269"]
[BlackElo "2705"]
[PlyCount "68"]
[EventDate "2018.10.07"]
[EventType "swiss (blitz)"]
[EventRounds "20"]
[EventCountry "RUS"]
[SourceTitle "CBM 186 Extra"]
[Source "ChessBase"]
[SourceDate "2018.08.24"]
[SourceVersion "1"]
[SourceVersionDate "2018.08.24"]
[SourceQuality "1"]

1. d4 d5 2. c4 c6 3. Nf3 Nf6 4. e3 Bg4 5. Nc3 e6 6. Qb3 Qb6 7. Bd3 Nbd7 8. Qxb6 axb6 9. 0-0 Bd6 10. e4 dxe4 11. Nxe4 Nxe4 12. Bxe4 Nf6 13. Bc2 Bxf3 14. gxf3 c5 15. Be3 Ke7 16. a3 Rhc8 17. Bd3 Rd8 18. Rad1 cxd4 19. Bxd4 Bxh2+ 20. Kxh2 Rxd4 21. Be2 Rxd1 22. Rxd1 Nd7 23. f4 Nc5 24. Bf3 Ra4 25. Kg2 Rxc4 26. b4 Nd7 27. Bxb7 Rxf4 28. Bc8 Ne5 29. Rb1 Rf3 30. Ra1 Rc3 31. Ba6 Nc6 32. Be2 Nd4 33. Bd1 Nc2 34. Ra2 Nxa3 0-1

[Event "RUS-chT blitz"]
[Site "Sochi"]
[Date "2017.10.05"]
[Round "5"]
[White "Gochelashvili, David"]
[Black "Linker, Mikhail"]
[Result "0-1"]
[WhiteElo "2432"]
[BlackElo "2269"]
[PlyCount "110"]
[EventDate "2017.10.05"]
[EventType "team-swiss (blitz)"]
[EventRounds "15"]
[EventCountry "RUS"]
[SourceTitle "CBM 181 Extra"]
[Source "ChessBase"]
[SourceDate "2017.12.12"]
[SourceVersion "1"]
[SourceVersionDate "2017.12.12"]
[SourceQuality "1"]
[WhiteTeam "Krasnodar Territory AQ"]
[BlackTeam "Crimea Republic"]
[WhiteTeamCountry "RUS"]
[BlackTeamCountry "RUS"]

1. d4 Nf6 2. Bf4 b6 3. Nf3 Bb7 4. Nbd2 c5 5. c3 g6 6. e3 Bg7 7. h3 0-0 8. Be2 d6 9. 0-0 Nbd7 10. Bh2 Qc7 11. Rc1 a6 12. Re1 b5 13. a3 Rac8 14. c4 Qb6 15. d5 b4 16. a4 a5 17. e4 e5 18. dxe6 fxe6 19. Qc2 e5 20. Rcd1 Rfd8 21. Ng5 Nf8 22. f4 exf4 23. Bxf4 h6 24. Ngf3 Ne6 25. Bh2 Nd4 26. Nxd4 cxd4 27. Bd3 Nd7 28. Nb3 Ne5 29. Rc1 Kh7 30. Qd2 Ba6 31. c5 dxc5 32. Bxa6 Qxa6 33. Nxc5 Nc4 34. Nxa6 Nxd2 35. Rcd1 Nc4 36. b3 Ne5 37. Rc1 Rc3 38. Nc5 Rc8 39. Bxe5 Bxe5 40. Nd3 Bg3 41. Red1 Re8 42. Nc5 Bf4 43. Rb1 Be3+ 44. Kf1 Rf8+ 45. Ke1 Rxc5 46. Rb2 Re8 47. Ke2 Rxe4 48. Kf3 Rf4+ 49. Kg3 h5 50. Re2 h4+ 51. Kh2 Rf2 52. Ree1 Rcc2 53. Rg1 Rfd2 54. Rxd2 Bxg1+ 55. Kxg1 Rxd2 0-1

[Event "RUS-chT blitz"]
[Site "Sochi"]
[Date "2017.10.05"]
[Round "3"]
[White "Krylov, Mikhail"]
[Black "Linker, Mikhail"]
[Result "1-0"]
[WhiteElo "2476"]
[BlackElo "2269"]
[PlyCount "53"]
[EventDate "2017.10.05"]
[EventType "team-swiss (blitz)"]
[EventRounds "15"]
[EventCountry "RUS"]
[SourceTitle "CBM 181 Extra"]
[Source "ChessBase"]
[SourceDate "2017.12.12"]
[SourceVersion "1"]
[SourceVersionDate "2017.12.12"]
[SourceQuality "1"]
[WhiteTeam "Moscow Locomotive"]
[BlackTeam "Crimea Republic"]
[WhiteTeamCountry "RUS"]
[BlackTeamCountry "RUS"]

1. d4 Nf6 2. c4 g6 3. Nc3 d5 4. cxd5 Nxd5 5. e4 Nxc3 6. bxc3 Bg7 7. Nf3 c5 8. Rb1 0-0 9. Be2 Nc6 10. d5 Ne5 11. Nxe5 Bxe5 12. Qd2 e6 13. f4 Bc7 14. 0-0 exd5 15. exd5 Qd6 16. c4 Re8 17. Bb2 Bf5 18. Bd3 Bxd3 19. Qxd3 f6 20. g3 Re7 21. f5 g5 22. Rbe1 Rae8 23. Re6 Rxe6 24. fxe6 Rxe6 25. Qf5 Re2 26. Bxf6 Re5 27. Qc8+ 1-0

[Event "RUS-chT blitz"]
[Site "Sochi"]
[Date "2017.10.05"]
[Round "10"]
[White "Linker, Mikhail"]
[Black "Predke, Alexandr"]
[Result "0-1"]
[WhiteElo "2269"]
[BlackElo "2601"]
[PlyCount "120"]
[EventDate "2017.10.05"]
[EventType "team-swiss (blitz)"]
[EventRounds "15"]
[EventCountry "RUS"]
[SourceTitle "CBM 181 Extra"]
[Source "ChessBase"]
[SourceDate "2017.12.12"]
[SourceVersion "1"]
[SourceVersionDate "2017.12.12"]
[SourceQuality "1"]
[WhiteTeam "Crimea Republic"]
[BlackTeam "Samara Bukavshin"]
[WhiteTeamCountry "RUS"]
[BlackTeamCountry "RUS"]

1. d4 Nf6 2. c4 e6 3. Nf3 b6 4. g3 Bb7 5. Bg2 Bb4+ 6. Bd2 a5 7. 0-0 0-0 8. Nc3 d6 9. Qc2 Nbd7 10. Rfe1 Bxc3 11. Bxc3 Be4 12. Qd2 Qe7 13. b3 a4 14. b4 c6 15. a3 b5 16. c5 d5 17. Qb2 h6 18. h4 Rfe8 19. Bd2 e5 20. dxe5 Ng4 21. Bc3 Ndxe5 22. Nxe5 Nxe5 23. Bxe5 Qxe5 24. Qxe5 Rxe5 25. e3 Rae8 26. Rad1 Bxg2 27. Kxg2 Re4 28. Rd3 Rc4 29. Red1 Ree4 30. f3 Rc2+ 31. Kh3 Rec4 32. h5 f5 33. g4 fxg4+ 34. fxg4 Kf7 35. Kg3 Ke6 36. Kf3 Ra2 37. Rf1 Rcc2 38. e4 dxe4+ 39. Kxe4 Rd2 40. Rxd2 Rxd2 41. Rf3 Rb2 42. Rf8 Rg2 43. Rc8 Kd7 44. Rg8 Rxg4+ 45. Kf3 Rg5 46. Kf4 Ke6 47. Rd8 Rf5+ 48. Ke4 Re5+ 49. Kf4 Rd5 50. Re8+ Kd7 51. Rg8 Rxh5 52. Rxg7+ Kd8 53. Rg6 Kd7 54. Rg7+ Ke6 55. Rg6+ Kd5 56. Rd6+ Kc4 57. Rxc6 Rh3 58. Ra6 Rxa3 59. c6 Kxb4 60. c7 Rc3 0-1

[Event "RUS-chT rapid"]
[Site "Sochi"]
[Date "2017.10.04"]
[Round "9.2"]
[White "Andreikin, Dmitry"]
[Black "Linker, Mikhail"]
[Result "1-0"]
[WhiteElo "2705"]
[BlackElo "2269"]
[PlyCount "92"]
[EventDate "2017.10.03"]
[EventType "team-swiss (rapid)"]
[EventRounds "9"]
[EventCountry "RUS"]
[SourceTitle "EXT 2018"]
[Source "ChessBase"]
[SourceDate "2017.10.13"]
[SourceVersion "1"]
[SourceVersionDate "2017.10.13"]
[SourceQuality "1"]
[WhiteTeam "Urals Sima Land"]
[BlackTeam "Crimea Republic"]
[WhiteTeamCountry "RUS"]
[BlackTeamCountry "RUS"]

1. d4 Nf6 2. Bg5 Ne4 3. Bf4 c5 4. f3 Qa5+ 5. c3 Nf6 6. d5 d6 7. e4 Nbd7 8. Na3 g6 9. Qd2 Bg7 10. Bh6 Bxh6 11. Qxh6 Ne5 12. Nc4 Nxc4 13. Bxc4 b5 14. Bd3 b4 15. c4 Bd7 16. Ne2 0-0-0 17. 0-0 Qb6 18. a3 b3 19. Nc3 Rdg8 20. Qe3 h5 21. Rae1 h4 22. e5 dxe5 23. Qxe5 Re8 24. Ne4 Rh5 25. Qc3 Nxe4 26. fxe4 h3 27. g3 f6 28. e5 Rxe5 29. Bxg6 Rxe1 30. Rxe1 Rg8 31. Bf7 Rf8 32. Be6 Kd8 33. Bxd7 Kxd7 34. Qe3 Re8 35. Qh6 Qa5 36. Qxh3+ Kd8 37. Re2 Qa6 38. Qg4 f5 39. Qf4 Qf6 40. Qb8+ Kd7 41. Qxa7+ Kd8 42. Qxc5 Rg8 43. Re6 Qg5 44. d6 Qc1+ 45. Kf2 Qxb2+ 46. Re2 Rh8 1-0

[Event "RUS-chT rapid"]
[Site "Sochi"]
[Date "2017.10.04"]
[Round "7.2"]
[White "Potapov, Pavel"]
[Black "Linker, Mikhail"]
[Result "1/2-1/2"]
[WhiteElo "2479"]
[BlackElo "2269"]
[PlyCount "74"]
[EventDate "2017.10.03"]
[EventType "team-swiss (rapid)"]
[EventRounds "9"]
[EventCountry "RUS"]
[SourceTitle "EXT 2018"]
[Source "ChessBase"]
[SourceDate "2017.10.13"]
[SourceVersion "1"]
[SourceVersionDate "2017.10.13"]
[SourceQuality "1"]
[WhiteTeam "Yamal"]
[BlackTeam "Crimea Republic"]
[WhiteTeamCountry "RUS"]
[BlackTeamCountry "RUS"]

1. e4 c5 2. c3 Nf6 3. e5 Nd5 4. Bc4 Nb6 5. Bb3 d6 6. exd6 e6 7. Nf3 Bxd6 8. 0-0 0-0 9. d4 N8d7 10. Bg5 Be7 11. Bf4 Nf6 12. dxc5 Bxc5 13. Qxd8 Rxd8 14. Nbd2 Bd7 15. a4 Nbd5 16. Bg3 Bc6 17. Rfd1 Nh5 18. Ne5 Nxg3 19. hxg3 Ne3 20. Nxc6 bxc6 21. fxe3 Bxe3+ 22. Kf1 Bxd2 23. Ke2 Bg5 24. Bc2 Rxd1 25. Rxd1 Rd8 26. Rxd8+ Bxd8 27. b4 h5 28. Be4 c5 29. bxc5 Bc7 30. Bf3 g6 31. g4 h4 32. Kd3 Kf8 33. Kc4 Ke7 34. Kb5 a5 35. g5 Kd8 36. Bc6 Ke7 37. Bf3 Kd8 1/2-1/2

[Event "RUS-chT rapid"]
[Site "Sochi"]
[Date "2017.10.03"]
[Round "1.2"]
[White "Kovalev, Vladislav"]
[Black "Linker, Mikhail"]
[Result "1-0"]
[WhiteElo "2636"]
[BlackElo "2269"]
[PlyCount "57"]
[EventDate "2017.10.03"]
[EventType "team-swiss (rapid)"]
[EventRounds "9"]
[EventCountry "RUS"]
[SourceTitle "EXT 2018"]
[Source "ChessBase"]
[SourceDate "2017.10.13"]
[SourceVersion "1"]
[SourceVersionDate "2017.10.13"]
[SourceQuality "1"]
[WhiteTeam "Samara Bukavshin"]
[BlackTeam "Crimea Republic"]
[WhiteTeamCountry "RUS"]
[BlackTeamCountry "RUS"]

1. e4 c5 2. Be2 Nc6 3. f4 g6 4. Nf3 Bg7 5. 0-0 d6 6. d3 Nf6 7. c3 0-0 8. Kh1 b5 9. a3 a5 10. Be3 Ba6 11. Nbd2 e6 12. d4 cxd4 13. cxd4 d5 14. e5 Nd7 15. Rc1 Qb6 16. g4 Rfc8 17. Qe1 Ne7 18. Qh4 Qd8 19. f5 Rxc1 20. Rxc1 gxf5 21. Bg5 f6 22. exf6 Ng6 23. f7+ Kxf7 24. Bxd8 Nxh4 25. Bxh4 fxg4 26. Ng5+ Kg8 27. Nxe6 Bh6 28. Rc7 Bxd2 29. Rxd7 1-0